000 00551nam a2200229Ia 4500
001 886
003 GE_BSU
008 181216s||||||||xx |||||||||||||| ||und||
020 _a5020280429
040 _cGE_BSU
080 _a398
100 _aЕремина,В.И.
245 _aРитуал и фольклор
245 _cОтв.ред. А.А.Горелов
260 _aЛенинград
260 _bНаука
260 _c1991
300 _a208стр.
541 _h6л.
653 _aРитуал и фольклор
942 _cBK
999 _c35046
_d35046